000 00737cab a2200253 4500
001 E84579
008 090401t1997 xxu||||| |||| 00| 0 eng d
035 _a(Sirsi) u78975
041 _aeng
100 _aClark, B
245 _aFunding ADR in Scotland
260 _c1997
350 _a0
490 _aScots Law Times
_v(4) 31 January 1997, 29-34(6)
650 _aALTERNATIVE DISPUTE RESOLUTION
650 _aALTERNATIVE DISPUTE RESOLUTION
650 _aCOMMERCIAL DISPUTE RESOLUTION
650 _aDISPUTE RESOLUTION
_96236
650 _aFUNDING
690 _aMANAGEMENT-DISPUTE AVOIDANCE, MANAGEMENT AND RESOLUTION-DISPUTE MANAGEMENT AND RESOLUTION-ARBITRATION
700 _aMays, R
942 _n0
948 _c17/06/1997
999 _c49629
_d49629